000 00506nam a2200181Ia 4500
008 240925s9999 xx 000 0 und d
020 _a852296330
082 _a030 BRI
100 _aEncyclopedia , Britinica
245 4 _aThe New Encyclopaedia Britannica: micropeadia
250 _a15th
260 _aChicago:
_bEncyclopadia Britanic
_c,1998.
300 _a789p.
_b15
_fPhotocopy
500 _aIncludes Illustrations
600 _aHumanities & Natural Science
650 _aEncyclopedia
942 _cBK
999 _c6943
_d6943